Foundations of technical drawing, metric and third angle (Record no. 23660)

MARC details
000 -LEADER
fixed length control field 00295nam a2200109Ia 4500
082 ## - DEWEY DECIMAL CLASSIFICATION NUMBER
Classification number 062.744
Item number PAR
100 ## - MAIN ENTRY--AUTHOR NAME
Personal name Parkinson, A C
245 #0 - TITLE STATEMENT
Title Foundations of technical drawing, metric and third angle
260 ## - PUBLICATION, DISTRIBUTION, ETC. (IMPRINT)
Place of publication London
Name of publisher ELBS
Year of publication 1968
942 ## - ADDED ENTRY ELEMENTS (KOHA)
Koha item type Books
Holdings
Withdrawn status Lost status Damaged status Not for loan Home library Current library Date acquired Cost, normal purchase price Full call number Accession Number Koha item type
        RRII Library RRII Library 16/12/2021 0.25 062.744 PAR 04358 Books